Normal view
MARC view
Entry Topical Term
001 - CONTROL NUMBER
- control field: 40310
003 - CONTROL NUMBER IDENTIFIER
- control field: ARRUPE
005 - DATE AND TIME OF LATEST TRANSACTION
- control field: 20180307152229.0
008 - FIXED-LENGTH DATA ELEMENTS
- fixed length control field: 180307|| aca||aabn | a|a d
040 ## - CATALOGING SOURCE
- Original cataloging agency: ARRUPE
- Transcribing agency: ARRUPE
150 ## - HEADING--TOPICAL TERM
- Topical term or geographic name as entry element: Child emigration society, London
670 ## - SOURCE DATA FOUND
- Source citation: Work cat.: (ARRUPE)85655: Fairbridge, Kingsley Ogilvie 40309, The story of Kingsley Fairbridge /, 1936